[Event "Dortmund op-A"]
[Site "Dortmund GER"]
[Date "1992.??.??"]
[Round "7"]
[White "Buecker, Stefan"]
[Black "Juergens, Peter"]
[Result "1/2-1/2"]
[WhiteElo "2365"]
[BlackElo "2250"]
[PlyCount "118"]
[EventDate "1992.04.??"]
[Source "www.chesslib.no"]
[SourceDate "2004.05.04"]

1. e4 e5 2. f4 exf4 3. Nf3 h6 4. Bc4 d6 5. d4 g5 6. O-O Bg7 7. c3 Nc6 8. g3 Bh3 9. Re1 Qd7 10. gxf4 Qg4+ 11. Kf2 Nf6 12. Qe2 Qg2+ 13. Ke3 gxf4+ 14. Kxf4 Qg4+ 15. Ke3 Qxe4+ 16. Kf2 Qxe2+ 17. Rxe2+ Kf8 18. Bf4 Nh5 19. Bd2 Re8 20. Rxe8+ Kxe8 21. Na3 a6 22. Bd5 Nd8 23. Nc4 Be6 24. Ne3 Nf6 25. Bb3 Ne4+ 26. Ke2 Nxd2 27. Kxd2 Bxb3 28. axb3 Ne6 29. Nf5 Bf6 30. Rg1 Kf8 31. b4 Bg5+ 32. Kc2 Bf4 33. Ra1 Rg8 34. d5 Rg2+ 35. Kb3 Ng7 36. N5d4 Bxh2 37. b5 axb5 38. Nxb5 Ne8 39. Nfd4 Rf2 40. Ra7 Be5 41. Rxb7 Bxd4 42. Nxd4 h5 43. Nb5 Re2 44. Nd4 Re5 45. Kc4 h4 46. Ra7 Kg7 47. Ra1 Kg6 48. Rh1 Re4 49. Rg1+ Kh5 50. Rf1 h3 51. Kd3 Rh4 52. Nf5 Rg4 53. Ne3 Rg7 54. Ke4 Rh7 55. Kf4 Kg6 56. Rg1+ Kf6 57. Ng4+ Ke7 58. Re1+ Kd7 59. Kg3 Rh8 1/2-1/2

[Event "Slupsk"]
[Site "Slupsk"]
[Date "1989.??.??"]
[Round "9"]
[White "Kujawski, Adam"]
[Black "Czerwonski, Aleksander"]
[Result "0-1"]
[WhiteElo "2270"]
[BlackElo "2335"]
[PlyCount "48"]
[EventDate "1989.??.??"]
[Source "www.chesslib.no"]
[SourceDate "2004.05.04"]

1. e4 e5 2. f4 exf4 3. Nf3 d6 4. Bc4 h6 5. d4 g5 6. O-O Bg7 7. g3 g4 8. Nh4 f3 9. Be3 Nf6 10. Nc3 Nc6 11. a3 O-O 12. Qd2 Nxe4 13. Nxe4 d5 14. Bxh6 dxe4 15. c3 Nxd4 16. cxd4 Qxd4+ 17. Qxd4 Bxd4+ 18. Kh1 Re8 19. Rad1 c5 20. b4 Be6 21. Bxe6 Rxe6 22. Nf5 e3 23. bxc5 e2 24. Rxd4 exf1=R# 0-1

[Event "Wch U18"]
[Site "Guarapuava BRA"]
[Date "1995.??.??"]
[Round "5"]
[White "Salmensuu, Olli"]
[Black "Ferguson, Mark"]
[Result "1-0"]
[WhiteElo "2230"]
[BlackElo "2370"]
[PlyCount "95"]
[EventDate "1995.??.??"]
[Source "www.chesslib.no"]
[SourceDate "2004.05.04"]

1. e4 e5 2. f4 exf4 3. Nf3 d6 4. Bc4 h6 5. d4 g5 6. O-O Bg7 7. c3 Nc6 8. b4 Nge7 9. g3 Bh3 10. Rf2 Ng6 11. gxf4 gxf4 12. Kh1 Qe7 13. b5 Na5 14. Bd3 h5 15. Nbd2 b6 16. Ba3 Qd7 17. Qc2 O-O-O 18. Bb4 Nb7 19. a4 Kb8 20. a5 Nc5 21. Bc4 Ne6 22. Qa2 Ne7 23. axb6 cxb6 24. d5 Nf8 25. Ng5 Nc8 26. Rxf4 f6 27. Nxh3 Qxh3 28. Bf1 Qd7 29. Rf3 Qc7 30. Bh3 Nd7 31. Nb3 Qc4 32. Nd4 Qxa2 33. Nc6+ Kc7 34. Rxa2 Rde8 35. Rg3 Bh6 36. Nxa7 Ne7 37. Nc6 Nc8 38. Bf5 Rhg8 39. Be6 Rxg3 40. hxg3 Be3 41. c4 Bc5 42. Bc3 Be3 43. Kg2 Bg5 44. Bd4 h4 45. gxh4 Bxh4 46. Ra1 Bg5 47. Rh1 Nf8 48. Rh8 1-0

[Event "HUN Team Ch 9394"]
[Site "HUN"]
[Date "1994.??.??"]
[Round "?"]
[White "Zila, Laszlo"]
[Black "Gyimesi, Zoltan"]
[Result "0-1"]
[WhiteElo "2230"]
[BlackElo "2360"]
[PlyCount "98"]
[EventDate "1993.??.??"]
[Source "www.chesslib.no"]
[SourceDate "2004.05.04"]

1. e4 e5 2. f4 exf4 3. Nf3 h6 4. d4 g5 5. Bc4 d6 6. O-O Bg7 7. Nc3 Nc6 8. Nd5 Nge7 9. c3 Nxd5 10. Bxd5 Ne7 11. Bb3 Ng6 12. g3 Bh3 13. Rf2 Qd7 14. gxf4 Nxf4 15. Bxf4 gxf4 16. Kh1 O-O-O 17. Qd2 f5 18. Re1 fxe4 19. Rxe4 Rhe8 20. Rxf4 Re7 21. Re2 Rde8 22. Rxe7 Rxe7 23. Ng1 Bf5 24. Bc2 Rf7 25. Bxf5 Rxf5 26. Rxf5 Qxf5 27. Qg2 Qf7 28. Qf3 Qxf3+ 29. Nxf3 Kd7 30. Kg2 Ke6 31. Nh4 Bf6 32. Kg3 Bg5 33. c4 Be3 34. d5+ Ke5 35. Kg4 Bc1 36. b3 a5 37. Ng6+ Ke4 38. h4 a4 39. Nf8 a3 40. Ne6 c6 41. dxc6 bxc6 42. Nd8 d5 43. Nxc6 d4 44. Kg3 Ke3 45. Ne5 d3 46. c5 d2 47. Ng4+ Ke2 48. Nf2 Bb2 49. b4 Bd4 0-1

[Event "Rilton Cup"]
[Site "Stockholm"]
[Date "1980.??.??"]
[Round "?"]
[White "Karlsson, Kurre"]
[Black "Pokojowczyk, Jerzy"]
[Result "0-1"]
[WhiteElo "2200"]
[BlackElo "2380"]
[PlyCount "48"]
[EventDate "1980.12.??"]
[Source "ChessBase"]

1. e4 e5 2. f4 exf4 3. Nf3 d6 4. Bc4 h6 5. d4 g5 6. O-O Bg7 7. c3 Nc6 8. g3 g4 9. Nh4 f3 10. Nd2 Nf6 11. Ndxf3 gxf3 12. Qxf3 Qe7 13. Bd2 Bh3 14. Rfe1 O-O-O 15. b4 Qd7 16. b5 Ne7 17. e5 dxe5 18. Rxe5 Ng6 19. Nxg6 fxg6 20. b6 axb6 21. Ba6 Nd5 22. Re4 bxa6 23. g4 Rhe8 24. Rxe8 Rxe8 0-1

[Event "Schwarzacher XIX Open A"]
[Site "?"]
[Date "2004.??.??"]
[Round "7.14"]
[White "Armbrust Florian"]
[Black "Netzer Jean"]
[Result "0-1"]
[WhiteElo "2205"]
[BlackElo "2370"]
[PlyCount "72"]
[EventDate "2004.??.??"]
[Source "www.chesslib.no"]
[SourceDate "2004.05.04"]

1. e4 e5 2. f4 exf4 3. Nf3 d6 4. d4 g5 5. Bc4 h6 6. O-O Bg7 7. c3 Nc6 8. Qa4 Bd7 9. Qb3 Na5 10. Bxf7+ Kf8 11. Qa3 Kxf7 12. Qxa5 c5 13. Qa3 cxd4 14. Qxd6 dxc3 15. Qd5+ Kg6 16. Nxc3 Qb6+ 17. Kh1 Be6 18. Qd3 Rd8 19. Qc2 Qa6 20. Bxf4 gxf4 21. Nh4+ Kh7 22. Nd5 Be5 23. Nf3 Qd6 24. Rad1 Qb8 25. Nxe5 Qxe5 26. Rxf4 Ne7 27. Rdf1 Ng6 28. Rf5 Rhf8 29. Nf6+ Rxf6 30. Rxf6 Rd7 31. Qf2 Bc4 32. Re1 Bxa2 33. Rf5 Qg7 34. Qxa7 Be6 35. Rf2 Ne5 36. Qa3 Nd3 0-1

[Event "Rilton Cup"]
[Site "Stockholm SWE"]
[Date "1978.??.??"]
[Round "7"]
[White "Osterman, Georg"]
[Black "Kaiszauri, Konstanty"]
[Result "0-1"]
[WhiteElo "2155"]
[BlackElo "2420"]
[PlyCount "76"]
[EventDate "1978.??.??"]
[Source "www.chesslib.no"]
[SourceDate "2004.05.04"]

1. e4 e5 2. f4 exf4 3. Nf3 d6 4. Bc4 h6 5. d4 g5 6. O-O Bg7 7. g3 g4 8. Nh4 f3 9. c3 Ne7 10. Bf4 c6 11. Nd2 d5 12. Bd3 Be6 13. Qc2 Nd7 14. Rae1 Nf6 15. Be5 Kf8 16. exd5 cxd5 17. Bf5 Nxf5 18. Nxf5 Bxf5 19. Qxf5 Qd7 20. Qxd7 Nxd7 21. Bd6+ Kg8 22. Re7 Nf6 23. Rxb7 Re8 24. Rxa7 Ne4 25. Bf4 h5 26. Ra5 Bh6 27. Nxe4 dxe4 28. Rxh5 Bxf4 29. Rxh8+ Kxh8 30. gxf4 e3 31. Rc1 Kg7 32. c4 Kf6 33. d5 Kf5 34. c5 g3 35. hxg3 Kg4 36. Kh2 e2 37. d6 Rh8+ 38. Kg1 Kxg3 0-1

[Event "GM"]
[Site "Koszeg GM"]
[Date "1996.??.??"]
[Round "5"]
[White "Weteschnik, Martin"]
[Black "Gyimesi, Zoltan"]
[Result "0-1"]
[WhiteElo "2020"]
[BlackElo "2545"]
[PlyCount "46"]
[EventDate "1996.??.??"]
[Source "www.chesslib.no"]
[SourceDate "2004.05.04"]

1. e4 e5 2. f4 d6 3. Nf3 exf4 4. Bc4 h6 5. d4 g5 6. O-O Bg7 7. g3 Bh3 8. Rf2 Nc6 9. c3 Qd7 10. Nh4 gxh4 11. Rxf4 Nf6 12. Bb5 a6 13. Ba4 b5 14. Bb3 hxg3 15. Qf3 Be6 16. Rxf6 Bxb3 17. axb3 Bxf6 18. Qxf6 Rg8 19. Qf5 Qxf5 20. exf5 Kd7 21. Nd2 gxh2+ 22. Kxh2 Rg5 23. f6 Rag8 0-1

[Event "QM.003 IECG"]
[Site "IECG email"]
[Date "1997.??.??"]
[Round "?"]
[White "Valverde, Andres"]
[Black "Duriez, Jean Luc"]
[Result "0-1"]
[WhiteElo "2290"]
[BlackElo "2270"]
[PlyCount "38"]
[EventDate "1997.??.??"]
[Source "www.chesslib.no"]
[SourceDate "2004.05.04"]

1. e4 e5 2. f4 exf4 3. Nf3 d6 4. d4 g5 5. Bc4 Bg7 6. O-O h6 7. c3 Nc6 8. Qb3 Qe7 9. g3 fxg3 10. hxg3 Nf6 11. Re1 O-O 12. Bd3 Qd7 13. Qc2 Qh3 14. Qg2 Qxg2+ 15. Kxg2 Re8 16. Nbd2 Bd7 17. b4 a6 18. a4 Ng4 19. e5 dxe5 0-1

[Event "Ch North Germany"]
[Site "Brilon GER"]
[Date "1986.??.??"]
[Round "?"]
[White "Buecker, Stefan"]
[Black "Marxen, Peter"]
[Result "0-1"]
[WhiteElo "2335"]
[BlackElo "2225"]
[PlyCount "48"]
[EventDate "1986.??.??"]
[Source "www.chesslib.no"]
[SourceDate "2004.05.04"]

1. e4 e5 2. f4 exf4 3. Nf3 d6 4. Bc4 h6 5. d4 g5 6. O-O Bg7 7. g3 Bh3 8. Re1 fxg3 9. hxg3 Nd7 10. c3 Nb6 11. e5 Nxc4 12. Qa4+ Qd7 13. exd6+ Be6 14. Qxc4 Qxd6 15. Kh2 O-O-O 16. Qf1 Nf6 17. Ne5 Ng4+ 18. Nxg4 Bxg4 19. Nd2 f5 20. Nc4 Qg6 21. Bd2 Qh5+ 22. Kg1 Bf3 23. Ne5 Bxe5 24. Rxe5 Be4 0-1

[Event "Tirnavia-C"]
[Site "Trnava SVK"]
[Date "1988.??.??"]
[Round "12"]
[White "Lendwai, Reinhard"]
[Black "Drtina, Milan"]
[Result "1-0"]
[WhiteElo "2295"]
[BlackElo "2260"]
[PlyCount "45"]
[EventDate "1988.??.??"]
[Source "www.chesslib.no"]
[SourceDate "2004.05.04"]

1. e4 e5 2. f4 exf4 3. Nf3 g5 4. d4 Bg7 5. Bc4 d6 6. O-O h6 7. g3 g4 8. Ne1 f3 9. c3 Be6 10. Bxe6 fxe6 11. Qb3 Qd7 12. Qxb7 c6 13. Qxa8 Qc7 14. Bf4 e5 15. dxe5 Qb6+ 16. Kh1 dxe5 17. Be3 Qxe3 18. Qxb8+ Kf7 19. Qb3+ Kg6 20. Qc2 Nf6 21. Nd2 h5 22. Qd3 Qc5 23. b4 1-0

[Event "Caorle Open"]
[Site "Caorle ITA"]
[Date "1982.??.??"]
[Round "4"]
[White "Barle, Janez"]
[Black "Lagumina, Salvino"]
[Result "1-0"]
[WhiteElo "2405"]
[BlackElo "2145"]
[PlyCount "133"]
[EventDate "1982.07.??"]
[Source "www.chesslib.no"]
[SourceDate "2004.05.04"]

1. e4 e5 2. f4 exf4 3. Nf3 d6 4. d4 g5 5. Bc4 h6 6. O-O Bg7 7. c3 Nc6 8. g3 Bh3 9. gxf4 Bxf1 10. Qxf1 gxf4 11. Bxf4 Qf6 12. Bg3 O-O-O 13. Nbd2 Qg6 14. Nh4 Qg5 15. Qe2 Nf6 16. Bxf7 Rhf8 17. Be6+ Kb8 18. Ndf3 Qh5 19. Nf5 Bh8 20. d5 Ne5 21. Bxe5 dxe5 22. Ng3 Qe8 23. Nxe5 Nh5 24. Qxh5 Qxh5 25. Nd7+ Rxd7 26. Nxh5 Rdd8 27. Re1 c6 28. Re2 cxd5 29. exd5 Rf3 30. Kg2 Rdf8 31. d6 Rd3 32. d7 Kc7 33. Ng3 Rxd7 34. Bxd7 Kxd7 35. Re4 Rf6 36. Rb4 Kc6 37. Rg4 Rd6 38. Ne4 Re6 39. Kf3 Be5 40. h4 b5 41. b3 Kc7 42. h5 Ra6 43. Rg2 Rc6 44. Rg6 Rxg6 45. hxg6 Kd8 46. Nd6 Ke7 47. Nc8+ Kf6 48. Nxa7 Bxc3 49. Nxb5 Ba5 50. a3 Kxg6 51. b4 Bd8 52. Nd4 Kf7 53. Ke4 Ke8 54. Ne6 Be7 55. Kd5 Kd7 56. Nc5+ Kc7 57. Ne6+ Kb6 58. Kc4 h5 59. Nf4 Bd6 60. Nxh5 Be5 61. a4 Kc6 62. a5 Kb7 63. b5 Ka7 64. Kd5 Bc3 65. a6 Be1 66. Kc6 Bf2 67. Nf6 1-0

[Event "SCO Ch"]
[Site "Hamilton"]
[Date "1987.??.??"]
[Round "3"]
[White "Buchanan, Walter F"]
[Black "Bryson, Douglas M"]
[Result "0-1"]
[WhiteElo "2230"]
[BlackElo "2310"]
[PlyCount "72"]
[EventDate "1987.07.??"]
[Source "www.chesslib.no"]
[SourceDate "2004.05.04"]

1. f4 e5 2. e4 exf4 3. Nf3 g5 4. Bc4 Bg7 5. O-O d6 6. d4 h6 7. Nc3 Nc6 8. Ne2 Nf6 9. Bd3 Bg4 10. c3 Qd7 11. Bb5 a6 12. Ba4 b5 13. Bc2 O-O 14. g3 Rae8 15. gxf4 Nxe4 16. Bxe4 Rxe4 17. Ng3 Rxf4 18. Bxf4 gxf4 19. Ne4 Ne7 20. Kh1 Nf5 21. Rg1 Ne3 22. Qe2 f5 23. Ned2 Qc6 24. Qf2 Kh7 25. h4 Re8 26. Kh2 Bf6 27. Rae1 Bh5 28. Rxe3 fxe3 29. Qg2 Qd7 30. Nb3 Bg4 31. Re1 Qf7 32. d5 Qh5 33. Kg3 Bxf3 34. Qxf3 Be5+ 35. Kg2 Rg8+ 36. Kf1 Qxf3# 0-1

[Event "Eupen CERA op"]
[Site "?"]
[Date "1997.??.??"]
[Round "2"]
[White "Dziewas Rainer"]
[Black "Hresc Vladimir"]
[Result "1/2-1/2"]
[WhiteElo "2115"]
[BlackElo "2425"]
[PlyCount "43"]
[EventDate "1997.??.??"]
[Source "www.chesslib.no"]
[SourceDate "2004.05.04"]

1. e4 e5 2. f4 exf4 3. Nf3 g5 4. Bc4 Bg7 5. d4 d6 6. O-O Nc6 7. c3 h6 8. g3 g4 9. Nh4 f3 10. Nd2 Qe7 11. Ndxf3 gxf3 12. Qxf3 Bf6 13. Nf5 Bxf5 14. Qxf5 Qd7 15. Qh5 Rh7 16. Bf4 O-O-O 17. e5 dxe5 18. dxe5 Be7 19. Rad1 Bc5+ 20. Kg2 Nd4 21. cxd4 Bxd4 22. Qf3 1/2-1/2

[Event "E0213, DESC"]
[Site "?"]
[Date "1999.??.??"]
[Round "?"]
[White "Nittschalk, Karl"]
[Black "Riepe, Bernhard"]
[Result "0-1"]
[WhiteElo "2700"]
[BlackElo "1840"]
[PlyCount "102"]
[EventDate "1999.??.??"]
[Source "www.chesslib.no"]
[SourceDate "2004.05.04"]

1. e4 e5 2. f4 exf4 3. Nf3 d6 4. d4 g5 5. Bc4 h6 6. O-O Bg7 7. c3 Qe7 8. Qb3 Nd7 9. Bd3 c6 10. Qc2 Ngf6 11. b3 Ng4 12. Re1 Rg8 13. h3 Ne3 14. Bxe3 fxe3 15. Rxe3 g4 16. hxg4 Nf6 17. Nh2 Nxg4 18. Nxg4 Bxg4 19. Nd2 Qg5 20. Rae1 O-O-O 21. Nf3 Qf4 22. Qf2 h5 23. g3 Qf6 24. e5 dxe5 25. Nxe5 Be6 26. Qg2 Bh6 27. Rf3 Qg5 28. Kh2 h4 29. Bc4 hxg3+ 30. Kg1 Rde8 31. Nxf7 Bxf7 32. Qh3+ Kd8 33. Rxe8+ Rxe8 34. Rxf7 Re1+ 35. Bf1 Qe3+ 36. Kg2 Qe4+ 37. Rf3 Rxf1 38. Qxg3 Bf4 39. Qh4+ Kc7 40. Kxf1 Qxf3+ 41. Qf2 Qh1+ 42. Qg1 Qh3+ 43. Ke2 Qxc3 44. d5 cxd5 45. Qxa7 d4 46. Qa4 d3+ 47. Kf2 Qd2+ 48. Kf3 Qe3+ 49. Kg4 d2 50. Qc4+ Kd6 51. Qc2 Qg3+ 0-1

[Event "Alushta UKR"]
[Site "?"]
[Date "2006.05.13"]
[Round "1"]
[White "Marchenko Artem"]
[Black "Kravtsiv Martyn"]
[Result "0-1"]
[WhiteElo "2147"]
[BlackElo "2379"]
[PlyCount "38"]
[EventDate "2006.??.??"]
[Source "www.chesslib.no"]
[SourceDate "2004.05.04"]

1. e4 e5 2. f4 exf4 3. Nf3 d6 4. d4 g5 5. Bc4 h6 6. O-O Bg7 7. c3 Nc6 8. Nbd2 Qe7 9. g3 Bh3 10. gxf4 Bxf1 11. Qxf1 gxf4 12. Qg2 Nf6 13. e5 dxe5 14. dxe5 Nxe5 15. Nxe5 Qxe5 16. Qxg7 O-O-O 17. Kf1 Rhg8 18. Qxf7 Rde8 19. Nf3 Qe4 0-1

[Event "Aragon98 Ch."]
[Site "Aragon"]
[Date "1998.??.??"]
[Round "7"]
[White "Gimeno, MA."]
[Black "Baron, Je"]
[Result "0-1"]
[WhiteElo "2155"]
[BlackElo "2350"]
[PlyCount "64"]
[EventDate "1998.??.??"]
[Source "www.chesslib.no"]
[SourceDate "2004.05.04"]

1. e4 e5 2. f4 exf4 3. Nf3 d6 4. Bc4 g5 5. O-O Bg7 6. d4 h6 7. g3 g4 8. Nh4 f3 9. c3 Nc6 10. Nd2 Nf6 11. Ndxf3 gxf3 12. Qxf3 O-O 13. Bf4 Bg4 14. Qe3 Bh3 15. g4 Bxf1 16. Rxf1 d5 17. Nf5 dxc4 18. g5 hxg5 19. Bxg5 Ng4 20. Qf4 f6 21. Bh4 Ne7 22. Nxg7 Kxg7 23. Qxg4+ Ng6 24. e5 f5 25. Bf6+ Rxf6 26. exf6+ Qxf6 27. Rxf5 Qe6 28. d5 Qe3+ 29. Kg2 Qd2+ 30. Rf2 Qxd5+ 31. Kg3 Re8 32. h3 Re4 0-1

[Event "Corr"]
[Site "?"]
[Date "1999.05.11"]
[Round "?"]
[White "Crawley Anthony (USA)"]
[Black "Mueller Klaus (GER)"]
[Result "0-1"]
[WhiteElo "2000"]
[BlackElo "2500"]
[PlyCount "66"]
[EventDate "1999.??.??"]
[Source "www.chesslib.no"]
[SourceDate "2004.05.04"]

1. e4 e5 2. f4 exf4 3. Nf3 d6 4. Bc4 h6 5. O-O g5 6. d4 Bg7 7. c3 Nc6 8. Qa4 Bd7 9. Qb3 Qe7 10. Qxb7 Rb8 11. Qa6 Nf6 12. d5 Ne5 13. Qxa7 Nxf3+ 14. gxf3 O-O 15. b3 Bh3 16. Re1 Ra8 17. Qf2 Nd7 18. Bb2 Ne5 19. Nd2 g4 20. fxg4 Qg5 21. Be2 f5 22. exf5 Bxg4 23. Kh1 Qxf5 24. c4 Bxe2 25. Qxe2 f3 26. Qe4 Nd3 27. Qxf5 Rxf5 28. Bxg7 Nxe1 29. Rxe1 f2 30. Rf1 Kxg7 31. a4 Raf8 32. a5 Kf6 33. Ne4+ Ke5 0-1

[Event "DON Open"]
[Site "Amsterdam DON open"]
[Date "1996.??.??"]
[Round "4"]
[White "Jonkman, Harmen"]
[Black "Erwich, Frans A G M"]
[Result "1-0"]
[WhiteElo "2325"]
[BlackElo "2175"]
[PlyCount "49"]
[EventDate "1996.??.??"]
[Source "www.chesslib.no"]
[SourceDate "2004.05.04"]

1. e4 e5 2. f4 exf4 3. Nf3 d6 4. Bc4 h6 5. O-O g5 6. d4 Bg7 7. c3 Nc6 8. h4 Qe7 9. a4 Bg4 10. a5 O-O-O 11. Bd5 Nf6 12. a6 Nxd5 13. axb7+ Kxb7 14. exd5 Bxf3 15. dxc6+ Bxc6 16. Qb3+ Kc8 17. d5 Qe4 18. dxc6 Qxc6 19. Ra5 Qb6+ 20. Qxb6 axb6 21. Rb5 Rde8 22. hxg5 hxg5 23. Rxg5 Be5 24. Rf5 f3 25. R5xf3 1-0

[Event "HUN-chT3"]
[Site "Hungary"]
[Date "1999.??.??"]
[Round "5"]
[White "Dembo, Yelena"]
[Black "Veroci, Zsuzsa"]
[Result "0-1"]
[WhiteElo "2180"]
[BlackElo "2315"]
[PlyCount "132"]
[EventDate "1999.??.??"]
[Source "www.chesslib.no"]
[SourceDate "2004.05.04"]

1. e4 e5 2. f4 exf4 3. Nf3 d6 4. d4 g5 5. Bc4 h6 6. O-O Bg7 7. c3 Nc6 8. g3 Bh3 9. Re1 Qd7 10. Qe2 fxg3 11. hxg3 Bg4 12. Qf2 O-O-O 13. d5 Nb8 14. Nd4 a6 15. Na3 Ne7 16. Nac2 Ng6 17. Nf5 Bxf5 18. exf5 Ne5 19. Be2 Bf6 20. g4 h5 21. gxh5 g4 22. h6 g3 23. Qf4 Rdg8 24. Kg2 Bg5 25. Qe4 Rxh6 26. Bxg5 Rxg5 27. Rh1 Rh2+ 28. Rxh2 gxh2+ 29. Kh1 Qxf5 30. Qxf5+ Rxf5 31. Rf1 Rxf1+ 32. Bxf1 Nbd7 33. Kxh2 Kd8 34. Kg3 Ke7 35. Nd4 Nb6 36. Nf5+ Kf6 37. Ne3 Na4 38. Nd1 Kg5 39. b3 Nc5 40. Nf2 f5 41. Nh3+ Kf6 42. Nf2 Ng6 43. Kf3 Nd7 44. Ke3 Nde5 45. Be2 Ne7 46. c4 a5 47. a3 N7g6 48. b4 axb4 49. axb4 b6 50. Nh3 Nf7 51. Nf2 Nh6 52. b5 Nf7 53. Bf1 Kg5 54. Bd3 Nf4 55. Bb1 Ne5 56. Kd4 Ng4 57. Nd1 Ne2+ 58. Kd3 Ng3 59. Kd2 f4 60. Bd3 f3 61. Ne3 Ne5 62. Bf1 Nxf1+ 63. Nxf1 Kf4 64. Ne3 Ke4 65. Nf1 Nxc4+ 66. Kc1 Kxd5 0-1

[Event "Zemplen Cup op 9th"]
[Site "?"]
[Date "1999.??.??"]
[Round "?"]
[White "Boros Daniel"]
[Black "Lazar Janos"]
[Result "1-0"]
[WhiteElo "2300"]
[BlackElo "2191"]
[PlyCount "69"]
[EventDate "1999.??.??"]
[Source "www.chesslib.no"]
[SourceDate "2004.05.04"]

1. e4 e5 2. f4 exf4 3. Nf3 d6 4. Bc4 g5 5. O-O Bg7 6. d4 h6 7. Nc3 Nc6 8. Nd5 Nf6 9. Nxf6+ Bxf6 10. c3 O-O 11. Ne1 Be6 12. Bd3 d5 13. Qf3 Bg7 14. h4 Qd7 15. hxg5 hxg5 16. exd5 Qxd5 17. Qh5 Bf5 18. Qxg5 Be4 19. Qxd5 Bxd5 20. Bxf4 Rac8 21. Nf3 Ne7 22. Ne5 c6 23. Kf2 Be6 24. Rh1 Bf5 25. Bc4 Ng6 26. Nxg6 Bxg6 27. Rae1 Rfe8 28. Kf3 Bh5+ 29. g4 Bg6 30. a3 Rcd8 31. Bg5 Rc8 32. Bh4 Kf8 33. Bg3 Bf6 34. Bf4 Bg7 35. d5 1-0

[Event "Winter Open"]
[Site "Belgrade SRB"]
[Date "2008.01.23"]
[Round "2"]
[White "Jovanovic, Alek SRB"]
[Black "Scepanovic, R."]
[Result "1/2-1/2"]
[WhiteElo "2201"]
[BlackElo "2284"]
[PlyCount "138"]
[EventDate "2008.01.22"]
[Source "www.chesslib.no"]
[SourceDate "2004.05.04"]

1. e4 e5 2. f4 exf4 3. Nf3 d6 4. d4 g5 5. Bc4 Bg7 6. O-O h6 7. c3 Ne7 8. g3 Ng6 9. gxf4 gxf4 10. Qb3 Qe7 11. Na3 Nc6 12. Kh1 O-O 13. Bd3 Kh8 14. Bd2 b6 15. Qd5 Bb7 16. Rae1 Nce5 17. Qxb7 Nxd3 18. Re2 Nxb2 19. Qa6 Qd7 20. Rb1 Na4 21. Rb4 b5 22. Qxb5 Nb6 23. Qxd7 Nxd7 24. Rb7 Nf6 25. Rxc7 Rae8 26. Rxa7 Nxe4 27. Kg2 Ng5 28. Rxe8 Rxe8 29. Kf2 Ne4+ 30. Kf1 Nxd2+ 31. Nxd2 Re3 32. Nb5 d5 33. Rxf7 Kg8 34. Rf5 Bf8 35. Kf2 Be7 36. Rxf4 Rd3 37. Rg4 Rxd2+ 38. Ke1 Rxa2 39. Rxg6+ Kh7 40. Re6 Bh4+ 41. Kd1 Rxh2 42. Re5 Bg3 43. Rxd5 h5 44. Nd6 h4 45. Ne4 Kh6 46. c4 Rg2 47. Rg5 Rg1+ 48. Kc2 Re1 49. Rg4 Kh5 50. Nf6+ Kh6 51. Kd3 Re6 52. Ne4 Kh5 53. Rg5+ Kh6 54. Rg8 Be1 55. d5 Rg6 56. Rh8+ Kg7 57. Rh5 Rh6 58. Rxh6 Kxh6 59. Ke3 Ba5 60. Kf3 Kg6 61. Kg4 h3 62. Kxh3 Kf5 63. Nc5 Ke5 64. Nb3 Bb4 65. Kg4 Ke4 66. Kg5 Kd3 67. c5 Kc4 68. d6 Kxb3 69. d7 Ba5 1/2-1/2

[Event "Corr"]
[Site "?"]
[Date "1998.??.??"]
[Round "6"]
[White "Frank Mario Alberto"]
[Black "Precerutti Juan Arturo"]
[Result "0-1"]
[WhiteElo "2350"]
[BlackElo "2124"]
[PlyCount "56"]
[EventDate "1998.??.??"]
[Source "www.chesslib.no"]
[SourceDate "2004.05.04"]

1. e4 e5 2. f4 exf4 3. Nf3 g5 4. Bc4 Bg7 5. d4 d6 6. O-O h6 7. c3 Nc6 8. g3 g4 9. Nh4 f3 10. Bf4 Bf6 11. Nd2 Bxh4 12. gxh4 Qxh4 13. e5 dxe5 14. Bxe5 Nxe5 15. dxe5 Ne7 16. Ne4 O-O 17. Qd3 Bf5 18. Qe3 Ng6 19. Nf6+ Kg7 20. Rf2 c6 21. Re1 Nxe5 22. Nh5+ Qxh5 23. Qxe5+ Kg8 24. Qg3 Qg5 25. h4 Qg7 26. Qf4 Be6 27. Kh1 Bxc4 28. Qxc4 Kh7 0-1

[Event "Helsinki Ch"]
[Site "Helsinki FIN"]
[Date "1995.??.??"]
[Round "?"]
[White "Salmensuu, Olli"]
[Black "Vaatainen, Timo"]
[Result "1-0"]
[WhiteElo "2230"]
[BlackElo "2215"]
[PlyCount "117"]
[EventDate "1995.??.??"]
[Source "www.chesslib.no"]
[SourceDate "2004.05.04"]

1. e4 e5 2. f4 exf4 3. Nf3 d6 4. Bc4 h6 5. d4 g5 6. O-O Bg7 7. c3 Nc6 8. b4 Nf6 9. Qb3 Qe7 10. Nbd2 Ng4 11. Bd3 Ne3 12. Rf2 g4 13. Ne1 Qh4 14. Re2 Bxd4 15. Nef3 gxf3 16. Nxf3 Be6 17. Nxh4 Bxb3 18. cxd4 Bd1 19. Rb2 Bg4 20. Bb5 O-O-O 21. Bxe3 fxe3 22. Bxc6 bxc6 23. Re1 e2 24. h3 Bh5 25. g4 Bg6 26. Rbxe2 h5 27. Nxg6 fxg6 28. g5 Rhf8 29. Rf2 Kd7 30. Ref1 Rxf2 31. Rxf2 Re8 32. Rf4 Rb8 33. a3 Rb5 34. h4 a5 35. bxa5 Rxa5 36. Rf7+ Ke8 37. Rxc7 Ra4 38. Kf2 Rxd4 39. Ke3 Ra4 40. Rg7 Rxa3+ 41. Kf4 Ra1 42. Rxg6 Ke7 43. Rg7+ Ke6 44. Rg6+ Ke7 45. Rh6 Rf1+ 46. Ke3 Re1+ 47. Kd3 Kf7 48. Rxh5 d5 49. exd5 cxd5 50. Kd4 Kg7 51. Rh6 Rd1+ 52. Ke5 d4 53. Kf5 d3 54. Rd6 d2 55. Rd7+ Kf8 56. Kg6 Ke8 57. Rd3 Rh1 58. Rxd2 Rxh4 59. Kg7 1-0

[Event "Decin op-A"]
[Site "Decin"]
[Date "1998.??.??"]
[Round "9"]
[White "Karlovich, Anastazia"]
[Black "Remizov, Juri"]
[Result "0-1"]
[WhiteElo "2165"]
[BlackElo "2275"]
[PlyCount "62"]
[EventDate "1998.08.??"]
[Source "www.chesslib.no"]
[SourceDate "2004.05.04"]

1. e4 e5 2. f4 exf4 3. Nf3 h6 4. Bc4 d6 5. d4 g5 6. O-O Bg7 7. Nc3 Ne7 8. g3 Bh3 9. Rf2 Nec6 10. Ne2 Qe7 11. c3 fxg3 12. Nxg3 Nd7 13. Nxg5 hxg5 14. Rxf7 Qxf7 15. Bxf7+ Kxf7 16. Qb3+ Kg6 17. Qb5 Bf6 18. Be3 Rab8 19. Re1 a6 20. Qd3 Nce5 21. dxe5 Nxe5 22. Qb1 Nf3+ 23. Kf2 Bg4 24. Rh1 Be5 25. Nf5 Rh3 26. Ke2 Nd4+ 27. Kd2 Nxf5 28. exf5+ Bxf5 29. Qg1 g4 30. Qg2 c6 31. Kc1 Rxe3 0-1

[Event "Bethune op"]
[Site "Bethune"]
[Date "1997.??.??"]
[Round "5"]
[White "Cappon, John"]
[Black "Mancini, Mario"]
[Result "0-1"]
[WhiteElo "2150"]
[BlackElo "2290"]
[PlyCount "34"]
[EventDate "1997.??.??"]
[Source "www.chesslib.no"]
[SourceDate "2004.05.04"]

1. e4 e5 2. f4 exf4 3. Nf3 g5 4. Bc4 Bg7 5. d4 d6 6. O-O Nc6 7. c3 Qf6 8. Nbd2 Nge7 9. e5 Qg6 10. exd6 cxd6 11. d5 Ne5 12. Nxe5 Bxe5 13. Bb5+ Kf8 14. Nf3 Bf6 15. c4 Bf5 16. Re1 Bd3 17. Qb3 g4 0-1

[Event "It (Men) Brno CZE"]
[Site "?"]
[Date "2005.07.05"]
[Round "6"]
[White "Medunova Vera"]
[Black "Rada Equiza Miguel"]
[Result "1-0"]
[WhiteElo "2209"]
[BlackElo "2230"]
[PlyCount "81"]
[EventDate "2005.??.??"]
[Source "www.chesslib.no"]
[SourceDate "2004.05.04"]

1. e4 e5 2. f4 exf4 3. Nf3 g5 4. Bc4 Bg7 5. d4 d6 6. h4 h6 7. c3 Nc6 8. O-O Qe7 9. a4 Bg4 10. Nbd2 O-O-O 11. a5 Nf6 12. Qb3 Bxf3 13. Rxf3 Rdf8 14. a6 b6 15. Qb5 Nd8 16. hxg5 hxg5 17. Qxg5 Rh5 18. Qxf4 Ne6 19. Bxe6+ fxe6 20. Nf1 Bh6 21. Qg3 Rg8 22. Qe1 Bxc1 23. Rxc1 Qh7 24. Kf2 Nxe4+ 25. Ke3 e5 26. Rc2 Ng5 27. Rff2 exd4+ 28. Kd2 Ne4+ 29. Kc1 Ra5 30. Kb1 Nxf2 31. Qxf2 Rf5 32. Qe2 Rgf8 33. Nd2 Rf2 34. Qg4+ Qf5 35. Qxd4 Rxg2 36. b4 Qe5 37. Qd3 Rff2 38. Nb3 Qf4 39. Rxf2 Rxf2 40. Nd4 Rd2 41. Qh3+ 1-0